THE ARCHITECTURE OF KNOWLEDGE (Record no. 213276)
[ view plain ]
| 000 -LEADER | |
|---|---|
| fixed length control field | 00649nam a22002177a 4500 |
| 005 - DATE AND TIME OF LATEST TRANSACTION | |
| control field | 20250903120011.0 |
| 010 ## - LCCN (DPL NO) | |
| LC control number | ENG-146571 |
| 020 ## - INTERNATIONAL STANDARD BOOK NUMBER | |
| Terms of availability | 250.00 |
| International Standard Book Number | 9789392151859 |
| 035 ## - SYSTEM CONTROL NUMBER | |
| System control number | EN-130103 |
| 037 ## - SOURCE OF ACQUISITION | |
| Source of stock number/acquisition | DBAD |
| 082 ## - DEWEY DECIMAL CLASSIFICATION NUMBER | |
| Classification number | 720.954 |
| 245 ## - TITLE STATEMENT | |
| Title | THE ARCHITECTURE OF KNOWLEDGE |
| Remainder of title | Exploring Epistemological theories and practices |
| Statement of responsibility, etc | Meenakshi R |
| 250 ## - EDITION STATEMENT | |
| Edition statement | 1 |
| 260 ## - PUBLICATION, DISTRIBUTION, ETC. (IMPRINT) | |
| Place of publication, distribution, etc | Madurai |
| Name of publisher, distributor, etc | first book publishing |
| Date of publication, distribution, etc | 2025 |
| 270 ## - ADDRESS | |
| Address | 82,anna main street, Jaihindpuram |
| City | madurai |
| Postal code | 625011 |
| 300 ## - PHYSICAL DESCRIPTION | |
| Extent | 120p. |
| Dimensions | 22(pb) |
| 700 ## - ADDED ENTRY--PERSONAL NAME | |
| Personal name | R Meenakshi |
| 9 (RLIN) | 84565 |
| 700 ## - ADDED ENTRY--PERSONAL NAME | |
| Personal name | B Kannan |
| 9 (RLIN) | 84566 |
| 760 ## - MAIN SERIES ENTRY | |
| Edition | 1 |
| 942 ## - ADDED ENTRY ELEMENTS (KOHA) | |
| Source of classification or shelving scheme | Dewey Decimal Classification |
| Item type | English Books |
| Classification part | 720.954 |
| Call number suffix | RME |
| Edition | 1 |
| Withdrawn status | Lost status | Not for loan | Collection code | Home library | Current library | Date acquired | Source of acquisition | Cost, normal purchase price | Full call number | Barcode | Copy number | Cost, replacement price | Koha item type |
|---|---|---|---|---|---|---|---|---|---|---|---|---|---|
| Non-fiction | Mobile Library | Mobile Library | 03/09/2025 | DBAD | 250.00 | 720.954 RME | EN-130103 | 1 | 250.00 | English Books |
